000 00993nam a22002297a 4500
003 NALT
005 20210729161612.0
008 s2544 th tha d
040 _aNALT
041 _atha
090 _aว HN700.55.Z9C6 ว276ก 2544
100 0 _aวรวรรณ ศุภจรรยา
245 1 0 _aการศึกษาชนบทเพื่อการพัฒนาชนบท : กรณีศึกษาหมู่บ้าน
246 _aRural studies for rural development : village study
260 3 _aกรุงเทพฯ :
_bสถาบันไทยคดีศึกษา มหาวิทยาลัยธรรมศาสตร์,
_c2544
300 _a1 เล่ม :
_b ตาราง ;
_c 29 ซม.
650 0 4 _aการพัฒนาชนบท -- ไทย -- วิจัย
650 0 4 _aหมู่บ้าน -- ไทย -- วิจัย
850 _aNALT
942 _cRSH
_2lcc
998 _bSUKUNYA
_j109
_k อารีรัตน์ วิชาช่าง
999 _c30116
_d30116